<?xml version="1.0" encoding="UTF-8"?>
<marc:record xmlns:marc="http://www.loc.gov/MARC21/slim">
   <marc:leader>00000nam a2200000 a 4500</marc:leader>
   <marc:datafield ind1="1" ind2=" " tag="100">
      <marc:subfield code="a">Giebken, Sabine</marc:subfield>
      <marc:subfield code="4">aut</marc:subfield>
      <marc:subfield code="e">Verfasser/-in</marc:subfield>
   </marc:datafield>
   <marc:datafield ind1="1" ind2=" " tag="100">
      <marc:subfield code="a">Goldschalt, Tobias</marc:subfield>
   </marc:datafield>
   <marc:datafield ind1="0" ind2="0" tag="245">
      <marc:subfield code="a">Rauch über der Prärie</marc:subfield>
   </marc:datafield>
   <marc:datafield ind1="0" ind2="0" tag="245">
      <marc:subfield code="c">Sabine Giebken ; illustriert von Tobias Goldschalt</marc:subfield>
   </marc:datafield>
   <marc:datafield ind1=" " ind2="1" tag="264">
      <marc:subfield code="a">Bindlach</marc:subfield>
      <marc:subfield code="b">Loewe</marc:subfield>
      <marc:subfield code="c">2025</marc:subfield>
   </marc:datafield>
   <marc:datafield ind1="1" ind2=" " tag="490">
      <marc:subfield code="a">Wildpferde mutig &amp; frei</marc:subfield>
      <marc:subfield code="v">5</marc:subfield>
   </marc:datafield>
   <marc:datafield ind1="1" ind2=" " tag="520">
      <marc:subfield code="a">Quelle: bn.bibliotheksnachrichten (http://www.biblio.at/literatur/bn/index.html); &lt;br/&gt;Autor: Anna Goiginger; &lt;br/&gt;Ein Streit um die Futterstelle kann im Notfall Konkurrenten zu Verbündeten machen. (ab 7) (JE)&lt;br/&gt;Die Mustang-Dame Luna streift mit ihrer Herde auf der Suche nach Futter durch trockene Landstriche und wird unruhig, denn die Kräfte der Pferde schwinden immer mehr. Neo erinnert sich an das vergessene Land, in dem es Futter, einen See und Schattenplätze geben soll  sie brauchen nur ein wenig mehr Durchhaltevermögen. Und tatsächlich: Neo behält recht! Doch ihre Euphorie wird bald zu Entrüstung, als die Pferde von Rindern umzingelt werden, die sich rasend schnell durch die Sträucher fressen und die Trinkstellen in schlammige Kloaken verwandeln. Mondflüsterin Luna sucht in den Sternen nach Hilfe, kann die Zeichen jedoch nicht gleich deuten. Als sich die Pferde tags darauf weiter wegbewegen, werden sie von einem Feuer überrascht, das sich in unberechenbarer Geschwindigkeit durch das trockene Gras frisst. Um das Feuer zu stoppen, hat Luna eine geniale Idee, für die sie jedoch die zuvor verachteten Rinder braucht. Dann ergeben mit einem Mal auch die Zeichen der Sterne Sinn!&lt;br/&gt;Der fünfte Teil der Wildpferde-Reihe präsentiert wieder einmal einen gut aufgebauten Spannungsbogen mit unerwarteten Wendungen, an dessen Ende aus Konkurrenten Verbündete werden  eine zutiefst versöhnliche Botschaft und auf uns Menschen gut übertragbar. Kinder ab der 2. Volksschulklasse haben mit diesem mitreißenden Fortsetzungsband allemal ihre Freude.</marc:subfield>
   </marc:datafield>
   <marc:datafield ind1=" " ind2=" " tag="020">
      <marc:subfield code="a">9783743220362</marc:subfield>
      <marc:subfield code="9">9783743220362</marc:subfield>
   </marc:datafield>
   <marc:datafield ind1=" " ind2=" " tag="041">
      <marc:subfield code="a">ger</marc:subfield>
   </marc:datafield>
   <marc:datafield ind1=" " ind2=" " tag="300">
      <marc:subfield code="b">Illustrationen</marc:subfield>
   </marc:datafield>
   <marc:datafield ind1="1" ind2=" " tag="521">
      <marc:subfield code="a">0</marc:subfield>
   </marc:datafield>
   <marc:datafield ind1=" " ind2=" " tag="300">
      <marc:subfield code="a">73 Seiten</marc:subfield>
   </marc:datafield>
</marc:record>
